[Event "33rd Biel Festival"]
[Site "Biel SUI"]
[Date "2000.07.30"]
[Round "6"]
[White "Gallagher, Joseph"]
[Black "Van Wely, Loek"]
[Result "0-1"]
[WhiteElo "2514"]
[BlackElo "2643"]
[PlyCount "156"]
[EventDate "2000.07.24"]

1. e4 c5 2. Nf3 d6 3. d4 cxd4 4. Nxd4 Nf6 5. Nc3 a6 6. Be2 e5 7. Nb3 Be7 8. Be3 Be6 9. Nd5 Nbd7 10. Qd3 Bxd5 11. exd5 O-O 12. g4 Nc5 13. Nxc5 dxc5 14. O-O-O e4 15. Qb3 Bd6 16. Qxb7 Nd7 17. Qc6 Qe7 18. Qa4 Nb6 19. Qa5 Rfb8 20. Rd2 Qb7 21. c4 Qe7 22. Rc2 Nd7 23. Rc3 Be5 24. Rb3 Qf6 25. Qd2 Rxb3 26. axb3 a5 27. g5 Qb6 28. Qc2 g6 29. Bg4 f5 30. gxf6 Nxf6 31. Be6+ Kg7 32. f4 exf3 33. Rf1 a4 34. bxa4 Rxa4 35. Rxf3 Ra1+ 36. Kd2 Ra2 37. Kd1 Rxb2 38. Qd3 Rxh2 39. Rf2 Rh1+ 40. Ke2 Rb1 41. Qa3 Rb4 42. Qa8 Rb2+ 43. Kf1 Rxf2+ 44. Kxf2 Bd4 45. Bxd4 cxd4 46. Qa3 d3+ 47. c5 Qxc5+ 48. Qxc5 Ne4+ 49. Ke3 Nxc5 50. Bg4 h5 51. Bd1 Kf6 52. Kd4 Nd7 53. Kxd3 Ke5 54. Ke3 Nb6 55. Kf3 Nxd5 56. Kg3 Kf5 57. Kh4 Nf4 58. Bc2+ Kf6 59. Bd1 Ng2+ 60. Kg3 Ne3 61. Ba4 Nf5+ 62. Kh3 g5 63. Bd1 Kg6 64. Be2 Kh6 65. Bf3 Nh4 66. Bd1 Ng6 67. Kg3 Ne5 68. Be2 g4 69. Kf4 Ng6+ 70. Kg3 Kg5 71. Ba6 h4+ 72. Kh2 Nf4 73. Bc8 g3+ 74. Kh1 Kf6 75. Kg1 Ke5 76. Kf1 Kd4 77. Bg4 Ke3 78. Kg1 h3 0-1